000 00521nam a2200181Ia 4500
001 20692
005 20260306172824.0
008 260306t2021||||xx |||||||||||||| ||spa||
041 _aESP
082 _a343.6
_bS25I
100 _aSanta Cruz Bernal, Claudio
_eAUT
245 0 _aImpacto del Covid-19 en el marco legal de la administración y gestión pública:
_bcompendio de normas y comentarios
260 _c2021
300 _a703 páginas :
_c25 cm.
650 _aGEN
654 _aCDE
942 _cLIB
_dJUS
_fJUS
_2ddc
_n
999 _c20692
_d20692